000 00265nam a2200121Ia 4500
100 _aSchildt/ Herbert
942 _cRB
654 _aC++
245 _aC++ Complete Reference
260 _bOsborne McGraw Hill
_aBerkeley
_c1991
300 _a594
546 _aENGLISH
999 _c20569
_d20569